| 000 | 01438 a2200361 4500 | ||
|---|---|---|---|
| 650 | 0 |
_918375 _aLabor supply _zTurkey |
|
| 999 |
_c200129138 _d31787 |
||
| 001 | 200129138 | ||
| 003 | TR-AnTOB | ||
| 005 | 20241125100149.0 | ||
| 008 | 130503b tu 000 0 | ||
| 040 |
_aTR-AnTOB _cTR-AnTOB |
||
| 041 | _atur | ||
| 050 | 0 | 0 |
_aHD7211.93 _b.U53 2011 |
| 090 | _aHD7211.93 .U53 2011 | ||
| 100 | 1 |
_aÜndemir, Yasemin Göknur _988562 |
|
| 245 | 1 | 0 |
_aSosyal güvenliğin önemli değişkenlerinin zaman serileri analizi ile öngörüsü / _chazırlayan, Yasemin Göknur Ündemir ; tez danışmanı, Cem Kadılar. |
| 264 | 1 |
_aAnkara : _bSosyal Güvenlik Kurumu, _c2011. |
|
| 300 |
_a103 s. ; _c21 cm. |
||
| 650 | 0 | 0 |
_aTime-series analysis _xMathematical models _922337 |
| 650 | 0 |
_aSocial security beneficiaries _zTurkey _988563 |
|
| 650 | 0 |
_aSocial security _zTurkey _xForecasting _988564 |
|
| 650 | 0 | 0 |
_aİşgücü arzı _zTürkiye _918373 |
| 650 | 0 |
_aSosyal güvenlik _zTürkiye _xTahmin _988569 |
|
| 650 | 0 |
_aSosyal güvenlik _zTürkiye _xSosyal durum _988570 |
|
| 650 | 0 |
_aSocial security _zTurkey _xSocial conditions _988565 |
|
| 650 | 0 | 7 |
_aZaman serileri analizi _xMatematiksel modeller _2etuturkob _96285 |
| 650 | 0 |
_aSosyal güvenlikten yararlananlar _zTürkiye _988568 |
|
| 650 | 0 |
_aSocial security _zTurkey _920415 |
|
| 650 | 0 | 7 |
_aVergilendirme _xHukuk ve mevzuat _zTürkiye _2 _937 |
| 700 | 1 |
_aKadılar, Cem _923506 |
|
| 710 | 2 |
_aSosyal Güvenlik Kurumu _987440 |
|
| 942 |
_cBK _2lcc |
||